[Event "EU-chT Seniors 50"]
[Site "Swidnica"]
[Date "2025.04.07"]
[Round "3.2"]
[White "Machlowski, Slawomir"]
[Black "Adams, Mark"]
[Result "1/2-1/2"]
[WhiteElo "1963"]
[BlackElo "1916"]
[PlyCount "35"]
[EventDate "2025.04.05"]
[EventType "team-tourn"]
[EventRounds "9"]
[EventCountry "POL"]
[SourceTitle "CB16_2025"]
[SourceDate "2025.04.16"]
[SourceVersion "1"]
[SourceVersionDate "2025.04.16"]
[SourceQuality "1"]
[WhiteTeam "Giecek Radkow 50"]
[BlackTeam "Wales Silures 50"]
[WhiteTeamCountry "POL"]
[BlackTeamCountry "WLS"]

1. g3 e5 2. c4 Nf6 3. Bg2 d5 4. cxd5 Nxd5 5. Nf3 Nc6 6. 0-0 Be7 7. d4 exd4 8. Nxd4 Nxd4 9. Qxd4 Nf6 10. Qa4+ c6 11. Rd1 Qb6 12. Be3 Bc5 13. Bxc5 Qxc5 14. Qa3 Qxa3 15. Nxa3 Be6 16. Nc2 0-0 17. e4 Rad8 18. b3 1/2-1/2

[Event "WchT Seniors 50"]
[Site "Krakow"]
[Date "2024.07.10"]
[Round "8.3"]
[White "Adams, Mark"]
[Black "Sagalchik, Olga"]
[Result "1/2-1/2"]
[WhiteElo "1951"]
[BlackElo "2128"]
[PlyCount "43"]
[EventDate "2024.07.02"]
[EventType "team-swiss"]
[EventRounds "9"]
[EventCountry "POL"]
[SourceTitle "CBM 221 Extra"]
[Source "ChessBase"]
[SourceDate "2024.09.30"]
[SourceVersion "1"]
[SourceVersionDate "2024.09.30"]
[SourceQuality "1"]
[WhiteTeam "Wales Silures 50"]
[BlackTeam "USA 50 (W)"]
[WhiteTeamCountry "WLS"]
[BlackTeamCountry "USA"]

1. e4 c5 2. Nf3 d6 3. d4 cxd4 4. Nxd4 Nf6 5. f3 e5 6. Nb3 Be6 7. c4 Be7 8. Nc3 0-0 9. Be3 Nfd7 10. Bd3 Na6 11. Rc1 Bg5 12. Bxg5 Qxg5 13. Qd2 Qh4+ 14. Qf2 Qxf2+ 15. Kxf2 Nb4 16. Be2 Nc5 17. Nxc5 dxc5 18. Rhd1 Nc6 19. b3 Rad8 20. Rxd8 Rxd8 21. Rd1 Nd4 22. Nb5 1/2-1/2

[Event "WchT Seniors 50"]
[Site "Krakow"]
[Date "2024.07.03"]
[Round "2.2"]
[White "Kaspi, Alexander"]
[Black "Adams, Mark"]
[Result "1-0"]
[WhiteElo "2365"]
[BlackElo "1951"]
[PlyCount "69"]
[EventDate "2024.07.02"]
[EventType "team-swiss"]
[EventRounds "9"]
[EventCountry "POL"]
[SourceTitle "CBM 221 Extra"]
[Source "ChessBase"]
[SourceDate "2024.09.30"]
[SourceVersion "1"]
[SourceVersionDate "2024.09.30"]
[SourceQuality "1"]
[WhiteTeam "Israel Rishon Lezion 50"]
[BlackTeam "Wales Silures 50"]
[WhiteTeamCountry "ISR"]
[BlackTeamCountry "WLS"]

1. d4 Nf6 2. c4 e6 3. Nc3 Bb4 4. Qc2 0-0 5. a3 Bxc3+ 6. Qxc3 b6 7. Bg5 Bb7 8. e3 d6 9. f3 Nbd7 10. Nh3 e5 11. d5 h6 12. Bh4 g5 13. Bf2 Qe7 14. e4 c6 15. dxc6 Bxc6 16. Rd1 Nc5 17. b4 Ne6 18. Be3 Rac8 19. Qd2 Ne8 20. Nf2 f5 21. exf5 Rxf5 22. h4 Nd4 23. Bxd4 exd4+ 24. Be2 Rf4 25. hxg5 Qxg5 26. Kf1 Bd7 27. Ne4 Qf5 28. Qxd4 Bc6 29. Bd3 Bxe4 30. Bxe4 Qg5 31. Qd5+ Qxd5 32. Bxd5+ Kg7 33. Re1 Nf6 34. g3 Rd4 35. Re7+ 1-0

[Event "BCF-chT4S 2324 (4NCL)"]
[Site "England"]
[Date "2024.02.10"]
[Round "5.92"]
[White "Scott, Jane"]
[Black "Adams, Mark"]
[Result "0-1"]
[WhiteElo "1307"]
[BlackElo "2004"]
[PlyCount "70"]
[EventDate "2024.02.11"]
[EventType "team-swiss"]
[EventRounds "11"]
[EventCountry "ENG"]
[SourceTitle "EXT 2025"]
[Source "ChessBase"]
[SourceDate "2024.10.14"]
[SourceVersion "1"]
[SourceVersionDate "2024.10.14"]
[SourceQuality "1"]
[WhiteTeam "She Plays To Win Young Stars II"]
[BlackTeam "The Full Ponty"]
[WhiteTeamCountry "ENG"]
[BlackTeamCountry "ENG"]

1. e4 c5 2. c3 g6 3. d4 cxd4 4. cxd4 d5 5. e5 Bg7 6. Nf3 Nc6 7. Bb5 Bd7 8. Nc3 e6 9. 0-0 Nge7 10. b3 Rc8 11. Bd3 Nxd4 12. Nxd4 Rxc3 13. Nb5 Bxb5 14. Bxb5+ Kf8 15. Bb2 Rc8 16. Bd3 Kg8 17. f4 h5 18. h3 Nc6 19. Bc3 Bf8 20. Be1 Be7 21. g4 hxg4 22. Qxg4 Bc5+ 23. Kh1 Ne7 24. Rc1 Nf5 25. Bxf5 exf5 26. Qg2 Qd7 27. Rf3 Kg7 28. Rd3 Rh5 29. Rxd5 Rxh3+ 30. Qxh3 Qxd5+ 31. Kh2 Rh8 32. Bh4 Qd2+ 33. Qg2 Rxh4+ 34. Kg3 Rg4+ 35. Kf3 Qxg2# 0-1

[Event "BCF-chT4 2223 (4NCL)"]
[Site "England"]
[Date "2023.03.25"]
[Round "7.43"]
[White "Adams, Mark"]
[Black "White, John1"]
[Result "1-0"]
[WhiteElo "2016"]
[BlackElo "1553"]
[PlyCount "111"]
[EventDate "2022.11.05"]
[EventType "team-swiss"]
[EventRounds "11"]
[EventCountry "ENG"]
[SourceTitle "EXT 2024"]
[Source "ChessBase"]
[SourceDate "2023.10.10"]
[SourceVersion "1"]
[SourceVersionDate "2023.10.10"]
[SourceQuality "1"]
[WhiteTeam "The Full Ponty"]
[BlackTeam "Celtic Tigers II"]
[WhiteTeamCountry "ENG"]
[BlackTeamCountry "ENG"]

1. e4 c5 2. Nf3 d6 3. d4 cxd4 4. Nxd4 Nf6 5. f3 a6 6. c4 e6 7. Nc3 Qc7 8. Be3 Be7 9. Qd2 Nbd7 10. Be2 b6 11. 0-0 Bb7 12. Rac1 Rc8 13. Rfd1 0-0 14. Bf1 Rfe8 15. b3 Ne5 16. Qf2 Kh8 17. Nde2 Nfd7 18. Kh1 Rb8 19. Na4 Bc6 20. Nec3 Bxa4 21. Nxa4 Nc5 22. Nc3 Ncd7 23. Be2 Rf8 24. Qe1 Nf6 25. Qd2 Rfd8 26. g4 Qc6 27. g5 Nfd7 28. f4 Ng6 29. Qe1 Re8 30. Qg3 Nc5 31. Bf3 Qc7 32. h4 Nd7 33. Kg2 Bf8 34. h5 Ne7 35. Qf2 Kg8 36. Qd2 Nc6 37. Ne2 Rbd8 38. b4 a5 39. a3 Qb8 40. e5 Ndxe5 41. fxe5 dxe5 42. Qb2 Rxd1 43. Rxd1 e4 44. Bxe4 Ne5 45. Qb3 Rc8 46. Bf4 f6 47. gxf6 gxf6 48. c5 Re8 49. c6 Qc8 50. Qg3+ Kh8 51. Bxe5 fxe5 52. Rd7 Re7 53. Qxe5+ Bg7 54. Qd6 Qg8 55. Ng3 Rxd7 56. Qxd7 1-0

[Event "BCF-chT4 2223 (4NCL)"]
[Site "England"]
[Date "2023.01.08"]
[Round "4.32"]
[White "Adams, Mark"]
[Black "Wilks, Simon"]
[Result "1/2-1/2"]
[WhiteElo "2016"]
[BlackElo "1908"]
[PlyCount "42"]
[EventDate "2022.11.05"]
[EventType "team-swiss"]
[EventRounds "11"]
[EventCountry "ENG"]
[SourceTitle "EXT 2024"]
[Source "ChessBase"]
[SourceDate "2023.10.10"]
[SourceVersion "1"]
[SourceVersionDate "2023.10.10"]
[SourceQuality "1"]
[WhiteTeam "The Full Ponty"]
[BlackTeam "Iceni II"]
[WhiteTeamCountry "ENG"]
[BlackTeamCountry "ENG"]

1. e4 Nf6 2. e5 Nd5 3. d4 d6 4. Nf3 dxe5 5. Nxe5 c6 6. Bc4 Nd7 7. 0-0 Nxe5 8. dxe5 Bf5 9. c3 Nb6 10. Bb3 Qxd1 11. Rxd1 e6 12. Bf4 Bc5 13. h3 0-0 14. Nd2 a5 15. a4 Rfd8 16. Nf3 h6 17. Ne1 Kf8 18. Rxd8+ Rxd8 19. Rd1 Rxd1 20. Bxd1 Nd7 21. Bg3 Bb6 1/2-1/2